| 000 | 00385nam a2200133Ia 4500 | ||
|---|---|---|---|
| 008 | 220217s9999||||xx |||||||||||||| ||und|| | ||
| 020 | _a978-81-9067-5789 | ||
| 082 | _a658.421 NAI | ||
| 100 | _aNaidu, N.V.R and Rao, Krishna, T. | ||
| 245 | 0 | _aManagement and entreprenership | |
| 260 |
_aIK international _bNew Delhi _c2010 |
||
| 300 |
_aXVI, 276p. _b145 |
||
| 650 | _aMANAGEMENT | ||
| 999 |
_c179049 _d179049 |
||